LEADER 01369nam a2200325 a 4500 001 000000124864 003 CaOOAMICUS 005 20110330140658.0 008 110330s2008 enk u000 u eng r 020 $a978-0-7546-7195-4 040 $aPUL$bita 082 04$a172 245 00$aEthics in an era of globalization /$cedited by M.S. Ronald Commers, Wim Vandekerckhove, An Verlinden. 260 $aBurlington :$bAshgate,$c©2008. 300 $ax, 249 p. ;$c24 cm 490 1 $aEthics and global politics 500 $aInclude indice e riferimenti bibliografici. 650 4$aGlobalizzazione (sociologia).$0(OLS)http://pul/subject/33702 700 1 $aCommers, Ronald.$0(OLS)http://pul/name/78882 700 1 $aVandekerckhove, Wim.$0(OLS)http://pul/name/78883 700 1 $aVerlinden, An.$0(OLS)http://pul/name/78884 830 0$aEthics and global politics.$0(OLS)http://pul/title/157429 850 $aPUL 852 $aPUL$W1$xSL Filosofia 3$y81$m172 COMRO 1$j143782$qDDC 21$B142795$CPULBib$Z2$F142795 $H116571 $82 941 1 $a9 996 $6020$a978-0-7546-7195-4 $9(OLS)http://pul/number/146813 996 $6082$a172$9(OLS)http://pul/classification/659 996 $6245$aEthics in an era of globalization$9(OLS)http://pul/title/157428 996 $6260$aBurlington :$bAshgate$9(OLS)http://pul/publisher/75734 LEADER 01515nam a2200325 a 4500 001 000000157859 003 CaOOAMICUS 005 20170113093312.0 008 170113s2016 vc o u000 u ita r 020 $a978-88-465-1114-0* 032 $aLibriCat 040 $aPUL$bita 082 04$a230 100 1 $aTarzia, Olimpia.$0(OLS)http://pul/name/89690 245 10$aCi alzeremo in piedi :$bl'Italia dall'aborto alle unioni civili: il mio viaggio tra passione civile e testimonianza cristiana /$cOlimpia Tarzia. 260 $aCittą del Vaticano :$bLateran University Press,$c©2016. 300 $a269 p. :$bfoto. ;$c21 cm. 490 1 $aVivae voces ;$v41 504 $aInclude indice e bibliografia. 610 24$aPolitica Etica Responsabilitą (PER).$0(OLS)http://pul/subject/44135 650 4$aEtica politica.$0(OLS)http://pul/subject/17437 830 0$aVivae voces ;$v41.$0(OLS)http://pul/title/165512 850 $aPUL 852 $aPUL$W1$xSL Religione 3$y85$m230 COLL 7.41$j181192$qDDC 21$B184324$CPULBib$Z2$F184324 $H128631 $81 941 1 $a9 996 $6020$a978-88-465-1114-0*$9(OLS)http://pul/number/161765 996 $6082$a230$9(OLS)http://pul/classification/368 996 $6245$aCi alzeremo in piedi :$bl'Italia dall'aborto alle unioni civili: il mio viaggio tra passione civile e testimonianza cristiana$9(OLS)http://pul/title/197451 996 $6260$aCittą del Vaticano :$bLateran University Press$9(OLS)http://pul/publisher/74585